| 000 | 01234nam a2200301 i 4500 | ||
|---|---|---|---|
| 001 | 155923 | ||
| 003 | ES-MaACL | ||
| 005 | 20260203152758.0 | ||
| 008 | 940301q1910 sp d |||| | spa d | ||
| 100 | 1 |
_aInglada Ors, Vicente. _965295 |
|
| 245 | 1 | 0 |
_aVocabulario esperanto-español y español-esperanto / _cpor V. Inglada Ors, A.L. Villanueva ; con una carta-prólogo de Paul Fruictier. |
| 260 |
_aBarcelona : _bJosé Espasa, _c[ca. 1910] |
||
| 300 |
_aXIX, 364 p. ; _c18 cm. |
||
| 490 | 1 | _aKolekto esperanta aprobita de Dº Zamenhof | |
| 490 | 1 |
_aKolekto hispana ; _v3 |
|
| 530 | _aDisponible en formato digital. | ||
| 650 | 4 |
_aEsperanto- _vDiccionarios- _xEspañol. _9163215 |
|
| 650 | 4 |
_aLengua española- _vDiccionarios- _xEsperanto. _914141 |
|
| 700 | 1 |
_aLópez Villanueva, Antonio. _9163216 |
|
| 700 | 1 |
_aFruictier, Paul. _9127157 |
|
| 830 | 1 |
_aKolekto esperanta aprobita de Dº Zamenhof _9221625 |
|
| 830 | 1 |
_aKolekto hispana ; _v3 _9221624 |
|
| 852 | 4 |
_aES-MaACL _jF-9847 _cSPP2 _x Encuadernación. holandesa |
|
| 852 | 4 |
_aES-MaACL _jC-22650 _cGalería _xEncuadernación holandesa |
|
| 856 | 4 |
_uhttp://hdl.handle.net/11013/4367 _yFederación Española de Esperanto |
|
| 942 | _2udc | ||
| 999 |
_c155923 _d155923 |
||